000 01585nam a2200361 c 4500
999 _c97615
_d97615
003 BLK
005 20250708181452.0
008 180409b bul|||||r ||||||| ||bul||
010 _aKNG00102528000
040 _aBLK
041 _aBUL
_cBUL
080 _aИспанска литература
_b821.134.2
_x-31
_z821.134.2-31
100 1 _aСервантес Сааведра, Мигел де
_eпърви автор
_9369480
139 _aСервантес Сааведра, Мигел де
_bС 34
245 1 0 _aЗнаменитият идалго Дон Кихот де ла Манча
_bРоман : Ч. 1 - 2
_cМигел де Сервантес Сааведра; прев. от исп. Тодор Петров Нейков; * Мигел де Сервантес.
_nЧ. 1
257 _aSPA
260 _bНар. култура
_c1970
_aСофия
300 _c21 см
380 _aX
490 _aБиблиотека Световна класика
_9201621
500 _aОриг. зал. El ingenioso hidalgo don Quijote de la Mancha / Miguel de Cervantes Saavedra. - 60 100 тир.
653 _aромани
700 1 _aНейков, Тодор Петров
_eпрев. от исп.
_9365097
700 1 _aСервантес, Мигел де
_e*
_9366826
760 1 _aСервантес Сааведра, Мигел де
_d1970
_h636 с.
_tЧ. 1
852 _aЦб 54182
856 4 _qpdf
856 4 _qpdf
942 _cKNG
_n0
_030
_s1
944 _aCR
_c01.01.1999
_lМинев Младен
_k30530
944 _aED
_c05.08.2014
_lф /
999 _d97615